The yellow house on the corner : poems /

Bibliographic Details
Main Author: Dove, Rita
Format: Book
Language:English
Published: Pittsburgh : Carnegie-Mellon University Press, 1980.
Edition:1st ed.
Series:Carnegie Mellon poetry.

MARC

Tag First Indicator Second Indicator Subfields
LEADER 00000cam a2200000 a 4500
001 in00000091903
005 20151008064048.0
008 810224s1980 pau 00010 eng d
010 |a  80065700  
020 |a 0915604396 
020 |a 091560440X(pbk) 
035 |a (OCoLC)07153065 
035 |9 AAK3452AM 
040 |a CHU  |c CHU  |d TXA  |d UtOrBLW 
049 |a TXAM  |c [1804536] 
090 |a PS3554.O884  |b Y45 
100 1 |a Dove, Rita. 
245 1 4 |a The yellow house on the corner :  |b poems /  |c by Rita Dove. 
250 |a 1st ed. 
264 1 |a Pittsburgh :  |b Carnegie-Mellon University Press,  |c 1980. 
300 |a 71 pages ;  |c 23 cm. 
336 |a text  |b txt  |2 rdacontent 
337 |a unmediated  |b n  |2 rdamedia 
338 |a volume  |b nc  |2 rdacarrier 
490 1 |a Carnegie Mellon poetry 
830 0 |a Carnegie Mellon poetry. 
999 |a MARS 
999 f f |s f34eeb0c-867b-3254-b099-2386c1bfc9b0  |i 3aa3fd71-4c4f-320b-a551-78f5168fd85a  |t 0 
952 f f |p normal  |a Texas A&M University  |b College Station  |c Sterling C. Evans Library  |d Evans: Library Stacks  |t 0  |e PS3554.O884 Y45  |h Library of Congress classification  |i unmediated -- volume  |m A14806192200 
998 f f |a PS3554.O884 Y45  |t 0  |l Evans: Library Stacks